000 00625nam a2200277Ia 4500
005 20260324142921.0
008 008 260324s9999 xx 000 0 eng d
020 _a9780203060865
037 _aEBOOK
040 _aCRL
040 _beng
040 _cCRL
041 _2eng
041 _aeng
084 _qCRL
100 _aAnne K. Mellor
_91213712
245 0 _aRomanticism and Gender
260 _bTaylor and Francis
260 _c1993
365 _a
365 _b280
856 _uhttp://www.taylorfrancis.com/books/9780203060865
942 _cEBOOK
999 _c1818480
_d1818480